[Event "2011 Canadian Closed"]
[Site "Guelph Canada"]
[EventDate "2011.05.06"]
[Date "2011.05.10"]
[Round "8"]
[White "Noritsyn, Nikolay"]
[WhiteTitle "IM"]
[WhiteElo "2584"]
[Black "Sambuev, Bator"]
[BlackTitle "GM"]
[BlackElo "2750"]
[Result "0-1"]
[Source "MonRoi"]

1. e4 e6 2. d4 d5 3. e5 c5 4. c3 Nc6 5. Nf3 Qb6 6. a3 Nh6 7. b4 cxd4 8. Bxh6 gxh6 9. cxd4 Bd7 10. Nc3 Nxb4 11. Be2 Rc8 12. Rc1 Nc6 13. O-O a6 14. Nb1 Bg7 15. Nc3 Na5 16. Rb1 Qc6 17. Rc1 O-O 18. Bd3 Qb6 19. Rb1 Qd8 20. Ne2 f6 21. exf6 Rxf6 22. Ng3 Be8 23. Re1 b5 24. a4 Qb6 25. axb5 axb5 26. Ne5 Nc4 27. Nf3 Bg6 28. Rb3 Rcf8 29. Qe2 Qa5 30. Reb1 Nd6 31. h3 Qa7 32. R1b2 Kh8 33. Ra2 Qb6 34. Rab2 Rxf3 35. gxf3 Bxd3 36. Rxd3 Nc4 37. Rb1 Bxd4 38. Kg2 Ne5 39. Rdb3 Ng6 40. Qxb5 Qd8 41. Ne2 Be5 42. Kf1 Qg5 43. f4 Nxf4 44. Rg3 Qf5 45. Rf3 Qe4 46. Rbb3 Rc8 47. Rbe3 Qf5 48. Rxe5 Qxe5 49. Rxf4 Rg8 50. Qa4 Qh5 51. Qa3 e5 52. Qf3 Qg6 53. Rf5 Qa6 54. Qe3 Re8 55. Kg2 d4 56. Qf3 Qg6 57. Ng3 e4 58. Rf8 Kg7 59. Qf5 Rxf8 60. Qd7 Kg8 61. Qxd4 Re8 62. h4 Qg4 63. Kg1 Qe6 64. Qe3 Qf6 65. h5 Qf3 66. Kh2 Qxe3 67. fxe3 Kf7 68. Kh3 Kf6 69. Kg4 Ke5 70. Ne2 Rg8 71. Kh3 Rg5 72. Ng3 Kd5 73. Kh4 Rg8 74. Kh3 Rf8 75. Kg4 Ke5 76. Ne2 Rf3 77. Nd4 Rxe3 78. Nc6 Kd5 79. Ne7 Kc4 80. Nf5 Rf3 81. Nxh6 Rf8 82. Nf5 Rxf5 83. Kxf5 e3 84. Kg5 e2 85. Kh6 e1Q 86. Kxh7 Qe4 87. Kg7 Qg4  0-1

[Event "2011 Canadian Closed"]
[Site "Guelph Canada"]
[EventDate "2011.05.06"]
[Date "2011.05.10"]
[Round "8"]
[White "Hamilton, Robert"]
[WhiteTitle "FM"]
[WhiteElo "2370"]
[Black "Gerzhoy, Leonid"]
[BlackTitle "IM"]
[BlackElo "2629"]
[Result "0-1"]
[Source "MonRoi"]

1. d4 Nf6 2. c4 e6 3. Nc3 Bb4 4. Qc2 O-O 5. a3 Bxc3 6. Qxc3 b6 7. Nf3 Bb7 8. g3 d5 9. Bg2 Nbd7 10. b4 c5 11. bxc5 bxc5 12. O-O Rc8 13. Qb2 Ba6 14. cxd5 Nxd5 15. Re1 N7b6 16. dxc5 Rxc5 17. e4 Na4 18. Qd4 Ndc3 19. Qxd8 Rxd8 20. Kh1 Rcc8 21. Bd2 Bb7 22. Rac1 Bxe4 23. Be3 Nb2 24. Ne5 Bxg2 25. Kxg2 f6 26. Rc2 Nbd1 27. Nf3 Nxe3 28. Rxe3 Nd5 29. Ree2 e5 30. Rb2 Nb6 31. Rb3 Rd7 32. Ra2 Rc4 33. Kf1 Rc1 34. Kg2 Nc4 35. Re2 Kf7 36. a4 Ra1 37. Rb4 Rc7 38. Kh3 Nb6 39. Reb2 Rxa4 40. Rxa4 Nxa4 41. Rb8 Nc5 42. Nh4 g6 43. f4 exf4 44. gxf4 Ne6 45. f5 Nf4 46. Kg3 Nh5 47. Kf2 g5 48. Nf3 Nf4 49. Nd4 h5 50. Nb5 Rd7 51. Ra8 Nd5 52. h4 g4 53. Nxa7 Ne7 54. Ke3 Nxf5 55. Kf4 Nxh4 56. Nc6 Ng6 57. Ke4 Kg7 58. Nd4 Re7 59. Kd5 Re5 60. Kd6 g3 61. Ra3 h4  0-1

[Event "2011 Canadian Closed"]
[Site "Guelph Canada"]
[EventDate "2011.05.06"]
[Date "2011.05.10"]
[Round "8"]
[White "Kleinman, Michael"]
[WhiteTitle "-"]
[WhiteElo "2301"]
[Black "Plotkin, Victor"]
[BlackTitle "-"]
[BlackElo "2422"]
[Result "1-0"]
[Source "MonRoi"]

1. e4 e5 2. Nf3 d6 3. d4 exd4 4. Nxd4 Nf6 5. Nc3 Be7 6. g3 O-O 7. Bg2 Bg4 8. f3 Bd7 9. Be3 Nc6 10. Qe2 Nxd4 11. Bxd4 c6 12. O-O Re8 13. Rad1 Qa5 14. Qd2 Kh8 15. f4 Rad8 16. h3 d5 17. e5 Ng8 18. Be3 Bc5 19. Nxd5 Bxe3 20. Nxe3 Qb6 21. Qd4 Be6 22. Qxb6 axb6 23. a4 g6 24. g4 Ne7 25. Kf2 Kg7 26. Ke2 Kf8 27. Be4 h6 28. b3 g5 29. f5 Bd5 30. Kf3 Bxe4 31. Kxe4 Nc8 32. Rxd8 Rxd8 33. Rd1 Rxd1 34. Nxd1 Ke7 35. f6 Ke6 36. b4 b5 37. a5 Na7 38. Nf2 Kd7 39. Nd3 Nc8 40. Kf5 Kc7 41. Nc5 b6 42. axb6 Kxb6 43. Ne6  1-0

[Event "2011 Canadian Closed"]
[Site "Guelph Canada"]
[EventDate "2011.05.06"]
[Date "2011.05.10"]
[Round "8"]
[White "Mills, Morgon"]
[WhiteTitle "-"]
[WhiteElo "2056"]
[Black "Thavandiran, Shiyam"]
[BlackTitle "FM"]
[BlackElo "2463"]
[Result "0-1"]
[Source "MonRoi"]

1. e4 e6 2. d4 d5 3. Nc3 Nf6 4. Bg5 Bb4 5. e5 h6 6. Bd2 Bxc3 7. bxc3 Ne4 8. Bd3 Nxd2 9. Qxd2 c5 10. Nf3 Qa5 11. O-O Nc6 12. Rfd1 cxd4 13. cxd4 Qxd2 14. Rxd2 Na5 15. Ne1 Bd7 16. Rb1 Rc8 17. f4 Ke7 18. g3 Rc3 19. Ng2 Ra3 20. f5 exf5 21. Ne3 Be6 22. Rb5 Rd8 23. Nxf5 Bxf5 24. Bxf5 b6 25. Bg4 Nc4 26. Rf2 Rxa2 27. Bh5 g6 28. Bf3 a6 29. Rb1 b5 30. Bg2 Ne3 31. Rf3 Nxg2 32. Rbf1 Rf8 33. Rc1 Rc8 34. Rcf1 f5 35. exf6 Kf7 36. Kxg2 Rcxc2 37. Kh3 Rxh2 38. Kg4 Rhe2 39. Rc1 Rac2 40. Rc3 Rxc1 41. Rxc1 Kxf6  0-1

[Event "2011 Canadian Closed"]
[Site "Guelph Canada"]
[EventDate "2011.05.06"]
[Date "2011.05.10"]
[Round "8"]
[White "Jung, Hans"]
[WhiteTitle "FM"]
[WhiteElo "2289"]
[Black "Djerkovic, Miladin"]
[BlackTitle "-"]
[BlackElo "2280"]
[Result "1-0"]
[Source "MonRoi"]

1. Nc3 e5 2. Nf3 Nc6 3. d4 exd4 4. Nxd4 Nf6 5. Bg5 Bb4 6. Nxc6 bxc6 7. Qd4 Be7 8. Ne4 Nxe4 9. Qxe4 f6 10. Bd2 d5 11. Qa4 Bd7 12. e3 O-O 13. Qa6 f5 14. Be2 Bf6 15. Qa3 Be5 16. O-O Rb8 17. Bc3 Bd6 18. Qxa7 c5 19. Bf3 c6 20. Qa6 Qc7 21. g3 Rb5 22. a4 Bc8 23. Bxd5 cxd5 24. Qxb5 f4 25. exf4 Bxf4 26. Ba5 Qf7 27. Qxc5 Bh3 28. Rfd1 Be6 29. Bb4 Bd6 30. Qd4 Bxb4 31. a5 Qc7 32. Qxb4  1-0

[Event "2011 Canadian Closed"]
[Site "Guelph Canada"]
[EventDate "2011.05.06"]
[Date "2011.05.10"]
[Round "8"]
[White "Upper, John"]
[WhiteTitle "-"]
[WhiteElo "2169"]
[Black "Sapozhnikov, Roman"]
[BlackTitle "-"]
[BlackElo "2451"]
[Result "0-1"]
[Source "MonRoi"]

1. Nf3 Nf6 2. g3 g6 3. Bg2 Bg7 4. O-O O-O 5. d3 d6 6. c3 c5 7. Na3 Nc6 8. e4 Rb8 9. Re1 Bg4 10. h3 Bxf3 11. Qxf3 b5 12. Qe2 b4 13. Nc4 Nd7 14. Bd2 bxc3 15. bxc3 Na5 16. Ne3 Nb6 17. Rad1 Na4 18. d4 Rb2 19. dxc5 Nxc5 20. Nc4 Rxa2 21. e5 Nxc4 22. Qxc4 Ra4 23. Qd5 Bxe5 24. Rxe5 e6 25. Qc6 dxe5 26. Qxc5 Ra2 27. Qe3 Qd6 28. Bf3 f5 29. Qe1 Qc7 30. c4 e4 31. Be2 Rb8 32. Bc3 Rb3 33. Bf1 Rc2 34. Ba1 Rf3 35. Bd4 e5 36. Be3 f4 37. gxf4 exf4 38. Bd4 e3 39. Bg2 Rcxf2 40. Bxf3 Rxf3 41. Bf6 Qc6 42. Rd8 Kf7 43. Bh4 Rxh3 44. Rd5 Qe6 45. Qd1 Rxh4 46. Rd7 Ke8 47. Rxa7 Qg4 48. Qxg4 Rxg4 49. Kf1 f3 50. Rxh7 e2  0-1

[Event "2011 Canadian Closed"]
[Site "Guelph Canada"]
[EventDate "2011.05.06"]
[Date "2011.05.10"]
[Round "8"]
[White "Qin, Joey"]
[WhiteTitle "-"]
[WhiteElo "2353"]
[Black "Filipovich, David"]
[BlackTitle "-"]
[BlackElo "2174"]
[Result "1/2-1/2"]
[Source "MonRoi"]

1. e4 c6 2. d4 d5 3. exd5 cxd5 4. c4 Nf6 5. Nc3 Nc6 6. Bg5 Be6 7. Nge2 dxc4 8. Nf4 Nxd4 9. Nxe6 Nxe6 10. Be3 Qc7 11. Qa4+ Qc6 12. Qxc6+ bxc6 13. Bxc4 Nc7 14. O-O-O e6 15. Bb3 Bb4 16. Ba4 O-O 17. Bxc6 Rac8 18. Bb7 Rb8 19. Bf3 Rfc8 20. Rd3 Ncd5 21. Bd4 Bxc3 22. bxc3 Rc4 23. Bxf6 Nxf6 24. Kc2 g6 25. Rb1 Rbc8 26. Rb3 R8c7 27. Rb7 Kf8 28. Rxc7 Rxc7 29. Rd4 e5 30. Ra4 Ke7 31. Ra5 Nd7 32. Kd2  1/2-1/2

[Event "2011 Canadian Closed"]
[Site "Guelph Canada"]
[EventDate "2011.05.06"]
[Date "2011.05.10"]
[Round "8"]
[White "Tremblay, Rejean"]
[WhiteTitle "-"]
[WhiteElo "2238"]
[Black "Dougherty, Michael"]
[BlackTitle "FM"]
[BlackElo "2312"]
[Result "0-1"]
[Source "MonRoi"]

1. e4 c5 2. Nf3 d6 3. d4 cxd4 4. Nxd4 Nf6 5. f3 g6 6. c4 Bg7 7. Be3 Nc6 8. Qd2 O-O 9. Nc3 Nxd4 10. Bxd4 Be6 11. Be2 Nd7 12. Bxg7 Kxg7 13. Qd4 Kg8 14. O-O Qb6 15. Qxb6 Nxb6 16. Nd5 Bxd5 17. exd5 a5 18. Rfc1 Rfc8 19. Rc2 Nxd5 20. a3 Nf4 21. Bf1 Ne6 22. Re1 Kf8 23. g3 Nc5 24. f4 a4 25. Bh3 Rc7 26. Rd1 Ra6 27. Bg2 Rb6 28. h3 Rb3 29. Kh2 Nd3 30. Rdd2 Ne1 31. Rc1 Nxg2 32. Kxg2 b5 33. Rdc2 bxc4 34. Rxc4 Rxb2 35. Kg1 Rxc4 36. Rxc4 Rb3 37. Rxa4 Rxg3 38. Kh2 Rb3 39. Ra8 Kg7 40. a4  0-1

[Event "2011 Canadian Closed"]
[Site "Guelph Canada"]
[EventDate "2011.05.06"]
[Date "2011.05.10"]
[Round "8"]
[White "Haessel, Dale"]
[WhiteTitle "FM"]
[WhiteElo "2233"]
[Black "Humphreys, Michael"]
[BlackTitle "-"]
[BlackElo "2273"]
[Result "0-1"]
[Source "MonRoi"]

1. d4 Nf6 2. c4 g6 3. Nf3 Bg7 4. g3 c6 5. Bg2 d5 6. O-O O-O 7. Qb3 a5 8. a4 Na6 9. Nc3 Ne4 10. cxd5 cxd5 11. Ne5 Be6 12. Nxe4 dxe4 13. Qxb7 Nb4 14. Bxe4 Rb8 15. Qa7 Bd5 16. Bxd5 Qxd5 17. Qxe7 Nc2 18. Qd7 Qa8 19. Rb1 Rbd8 20. Qc6 Nxd4 21. Qxa8 Nxe2 22. Kg2 Rxa8 23. Nc4 Nxc1 24. Rfxc1 Rfc8 25. Kf3 Rc5 26. b3 Rb8 27. Rc2 Rbc8 28. Rd1 Rb8 29. Rd3 Re8 30. Re3 Rd8 31. Kg2 Bh6 32. Rd3 Re8 33. Kf1 Bf8 34. Re2 Rec8 35. Rd7 Rb8 36. Re3 Rh5 37. Ra7 Bc5 38. Rxa5 Bxe3 39. Rxh5 gxh5 40. Nxe3 Rxb3 41. h3 Ra3 42. Nd5 Rxa4 43. Nf4 Rxf4 44. gxf4 Kg7 45. Kg2 Kf6 46. Kg3 Kf5 47. Kf3 h6 48. Kg3 Ke4 49. f3 Kf5 50. Kg2 Kxf4 51. Kf2 f5  0-1

[Event "2011 Canadian Closed"]
[Site "Guelph Canada"]
[EventDate "2011.05.06"]
[Date "2011.05.10"]
[Round "8"]
[White "Itkin, David"]
[WhiteTitle "-"]
[WhiteElo "2160"]
[Black "Nicholson, Matthew"]
[BlackTitle "-"]
[BlackElo "2020"]
[Result "1/2-1/2"]
[Source "MonRoi"]

1. e4 c5 2. Nf3 d6 3. d4 cxd4 4. Nxd4 Nf6 5. Nc3 g6 6. f4 Nc6 7. Nxc6 bxc6 8. e5 Nd7 9. exd6 exd6 10. Be3 Qe7 11. Qd2 Bg7 12. O-O-O O-O 13. Bd4 Nf6 14. Bxf6 Qxf6 15. Qxd6 Be6 16. g3 Rab8 17. Qa3 Rb7 18. Rd3 Rfb8 19. Nd1 Rxb2 20. Nxb2 Rxb2 21. Rb3 Rxb3 22. axb3 Qc3 23. Bd3 Bd4 24. Rf1 Bh3 25. Rd1  1/2-1/2

[Event "2011 Canadian Closed"]
[Site "Guelph Canada"]
[EventDate "2011.05.06"]
[Date "2011.05.10"]
[Round "8"]
[White "Anastasovski, Nikola"]
[WhiteTitle "-"]
[WhiteElo "2190"]
[Black "Guo, Josh"]
[BlackTitle "-"]
[BlackElo "2272"]
[Result "0-1"]
[Source "MonRoi"]

1. e4 Nf6 2. e5 Nd5 3. c4 Nb6 4. d4 d6 5. f4 dxe5 6. fxe5 c5 7. d5 e6 8. Nc3 exd5 9. cxd5 c4 10. Be3 Bb4 11. Bxb6 Qxb6 12. Bxc4 O-O 13. Qd3 Bg4 14. Nf3 Nd7 15. e6 Bxf3 16. gxf3 Ne5 17. Qe4 Bxc3 18. bxc3 Nxc4 19. Qxc4 Qe3 20. Qe2 Qxc3 21. Kf2 fxe6 22. dxe6 Qc5 23. Kg2 Rf6 24. Rhe1 Re8 25. Qe3 Qxe3 26. Rxe3 Rfxe6 27. Rb3 b6 28. a4 Rg6 29. Kf2 Rc8 30. Ra2 Rgc6 31. a5 Rc2 32. Rxc2 Rxc2 33. Kg3 Rc6 34. Rd3 Rc7 35. Rd8 Kf7 36. Rb8 bxa5 37. Rb5 a6 38. Rxa5 Ra7 39. h4 Ke6 40. Kg4 Kd6 41. h5 Kc6 42. f4 Kb6 43. Ra1 a5 44. Kg5 a4 45. h6 gxh6 46. Kf6 a3 47. Ke6 Kc5 48. f5 Kb4 49. f6 Kb3 50. f7 Ra8 51. Ke7 a2 52. Rh1 Kb2 53. Rh2 Kb1 54. Rh1 Kb2 55. Rh2 Kb3 56. Rh3 Kc4 57. Rh4 Kd3 58. Rh3 Kd4 59. Rh4 Ke5 60. Rh1 a1Q 61. Rh5 Ke4 62. Rh4 Kd5 63. Rh5 Qe5 64. Rxe5 Kxe5 65. f8Q Rxf8 66. Kxf8  0-1

[Event "2011 Canadian Closed"]
[Site "Guelph Canada"]
[EventDate "2011.05.06"]
[Date "2011.05.10"]
[Round "8"]
[White "Barron, Michael"]
[WhiteTitle "FM"]
[WhiteElo "2328"]
[Black "Drkulec, Vladimir"]
[BlackTitle "-"]
[BlackElo "2202"]
[Result "0-1"]
[Source "MonRoi"]

1. e4 e5 2. Nf3 Nc6 3. Bb5 a6 4. Ba4 Nf6 5. O-O b5 6. Bb3 Be7 7. d4 Nxe4 8. dxe5 O-O 9. Bd5 Nc5 10. Nd4 Bb7 11. Nxc6 dxc6 12. Bf3 Qc8 13. Bg4 Ne6 14. Be3 c5 15. f4 Rd8 16. Nd2 Bd5 17. f5 h5 18. Bxh5 Nd4 19. f6 Bf8 20. c3 Nf5 21. Bg5 g6 22. Bf3 Qb7 23. Qe2 c4 24. Rad1 Qb6 25. Kh1 Bc5 26. Bxd5 Rxd5 27. Nf3 Rad8 28. Rxd5 Rxd5 29. Rd1 Qe6 30. Rxd5 Qxd5 31. g4 Ne3 32. Bxe3 Qe4 33. Kg2 Bxe3 34. h3 c5 35. Kf1 Qb1 36. Qe1 Qd3 37. Kg2 a5 38. e6 fxe6 39. Qg3 Qe2 40. Kh1 Qf1 41. Ng1 Bxg1 42. Qxg1 Qxh3 43. Qh2 Qxh2 44. Kxh2 g5 45. Kg3 Kf7 46. Kf3 Kg6 47. a3 Kxf6 48. Ke4 a4 49. Kf3 Ke5 50. Ke3 Kd5 51. Kf3 e5 52. Ke3 e4 53. Kd2 Ke5 54. Ke3 b4 55. cxb4 cxb4 56. axb4 Kd5 57. b5 c3 58. bxc3 a3 59. c4 Kc5 60. Kxe4 a2 61. Kf5 a1Q 62. Kxg5 Qg7 63. Kf5 Kxc4 64. b6 Kd5 65. g5 Qf7  0-1

[Event "2011 Canadian Closed"]
[Site "Guelph Canada"]
[EventDate "2011.05.06"]
[Date "2011.05.10"]
[Round "9"]
[White "Sambuev, Bator"]
[WhiteTitle "GM"]
[WhiteElo "2750"]
[Black "Kleinman, Michael"]
[BlackTitle "-"]
[BlackElo "2301"]
[Result "1-0"]
[Source "MonRoi"]

1. d4 Nf6 2. Nf3 g6 3. c4 Bg7 4. Nc3 d5 5. cxd5 Nxd5 6. Qc2 Nc6 7. e4 Nxc3 8. bxc3 O-O 9. h4 h5 10. Be3 Na5 11. Ng5 e5 12. Rd1 Qe7 13. d5 b6 14. Be2 Bd7 15. c4 Nb7 16. f3 Nc5 17. g4 hxg4 18. fxg4 f5 19. Qd2 f4 20. d6 Qxd6 21. Qxd6 cxd6 22. Bxc5 bxc5 23. Rxd6 Rad8 24. Rxg6 Rf6 25. Rxf6 Bxf6 26. Nf3 Bc6 27. g5 Be7 28. Nxe5 Bxe4 29. Rf1 Bd6 30. Ng4 Kg7 31. Nf6 Bb1 32. Kf2 Bf5 33. Rd1 Kg6 34. Bh5  1-0

[Event "2011 Canadian Closed"]
[Site "Guelph Canada"]
[EventDate "2011.05.06"]
[Date "2011.05.10"]
[Round "9"]
[White "Sapozhnikov, Roman"]
[WhiteTitle "-"]
[WhiteElo "2451"]
[Black "Noritsyn, Nikolay"]
[BlackTitle "IM"]
[BlackElo "2584"]
[Result "0-1"]
[Source "MonRoi"]

1. e4 c5 2. Nf3 e6 3. d4 cxd4 4. Nxd4 a6 5. Bd3 Ne7 6. O-O Nbc6 7. Nxc6 Nxc6 8. Nc3 b5 9. Be3 Bb7 10. Qe2 Be7 11. Rad1 Nb4 12. a3 Nxd3 13. Rxd3 O-O 14. f3 Bc6 15. Qf2 f5 16. e5 f4 17. Bc5 Rf5 18. Bxe7 Qxe7 19. Qd4 Qh4 20. g4 Rg5 21. Qxf4 h5 22. Ne4 Bxe4 23. Qxe4 Rf8 24. Rd2 hxg4 25. Rg2 Rff5 26. Rxg4 Qh3 27. Rf2 Rxe5 28. Rxg5 Rxg5 29. Kh1 Rd5 30. Qe2 Qh6 31. f4 Qf6 32. c3 Qf5 33. Kg2 Rd3 34. Rf3 Qg4 35. Kf2 Rd5 36. h3 Qg6 37. Rg3 Qf5 38. Rf3 Qb1 39. Kg2 Rd1 40. f5 Qc1 41. Rf2 Rg1 42. Kf3 Re1 43. Qd2 Qb1 44. Kg3 Qe4 45. Qf4 Rg1 46. Kh4 exf5 47. Qxe4 fxe4 48. Kh5 Kh7 49. Rf7 e3 50. Re7 e2 51. Rxe2  0-1

[Event "2011 Canadian Closed"]
[Site "Guelph Canada"]
[EventDate "2011.05.06"]
[Date "2011.05.10"]
[Round "9"]
[White "Plotkin, Victor"]
[WhiteTitle "-"]
[WhiteElo "2422"]
[Black "Calugar, Arthur"]
[BlackTitle "-"]
[BlackElo "2401"]
[Result "0-1"]
[Source "MonRoi"]

1. e4 c5 2. c3 Nf6 3. e5 Nd5 4. d4 cxd4 5. Nf3 e6 6. cxd4 d6 7. Bc4 Nb6 8. Bb3 dxe5 9. Nxe5 Nc6 10. Nxc6 bxc6 11. O-O Ba6 12. Re1 Be7 13. Nc3 O-O 14. Ne4 Bc4 15. Bc2 Bd5 16. Qd3 g6 17. Bh6 Re8 18. Rac1 Nd7 19. Bb1 Qb6 20. b3 Red8 21. Nc3 Nf6 22. Bg5 Kg7 23. Na4 Qc7 24. Qh3 Nh5 25. Bxe7 Qxe7 26. Qe3 Qh4 27. Nc3 Re8 28. Be4 Nf6 29. g3 Qh3 30. f3 Rad8 31. Qf2 Qh5 32. Nxd5 exd5 33. Bd3 Rxe1 34. Rxe1 Qh3 35. Re7 Rd7 36. Qe3 Rxe7 37. Qxe7 Qh6 38. Qe1 Nd7 39. Ba6 Qg5 40. Bc8 Qd8 41. Bxd7 Qxd7 42. Qe5+ f6 43. Qe2 Kf7 44. Kf2 Qb7 45. Ke3 Ke6 46. Kd3+ Kd7 47. Kc3 Qb6 48. Qe3 Qa5+ 49. Kb2 Qb4 50. Qc3 Qb5 51. a4 Qe2+ 52. Ka3 h5 53. Qc5 a6 54. Qa7+ Ke6 55. Qa8 Kd7 56. Qb7+ Kd6 57. Qb8+ Kd7 58. Qb7+ Kd6 59. Qf7 Qxf3 60. Qxg6 Qf1 61. Qxh5 Qa1+ 62. Kb4 Qxd4+ 63. Ka5 Kc5 64. Kxa6 Qb4 65. Ka7 Qb6 66. Ka8 Qd8+ 67. Kb7 Qd7+ 68. Ka6 Qc8+ 69. Ka7 Qc7++ 70. Ka8 Qc8 71. Ka7 Qc7+ 72. Ka8 Kb6 73. a5 Kxa5+ 74. Qg4 c5 75. Qe6 d4 76. h4 d3 77. b4+ Kxb4 78. Qxf6 Qc8+ 79. Ka7 Qd7+ 80. Ka6 Qb5+ 81. Ka7 Qd7 82. Ka6 Qd4 83. Qb6+ Ka3 84. Qb1 Qa4  0-1

[Event "2011 Canadian Closed"]
[Site "Guelph Canada"]
[EventDate "2011.05.06"]
[Date "2011.05.10"]
[Round "9"]
[White "Hamilton, Robert"]
[WhiteTitle "FM"]
[WhiteElo "2370"]
[Black "Jung, Hans"]
[BlackTitle "FM"]
[BlackElo "2289"]
[Result "1-0"]
[Source "MonRoi"]

1. d4 e6 2. e4 b6 3. f4 Bb7 4. Bd3 c5 5. c3 cxd4 6. cxd4 Nc6 7. Nf3 Nb4 8. Nc3 Nxd3 9. Qxd3 Nf6 10. O-O Be7 11. Be3 Rc8 12. d5 exd5 13. e5 Ng4 14. Bd4 O-O 15. h3 Nh6 16. f5 f6 17. g4 fxe5 18. Nxe5 Nf7 19. Nxf7 Rxf7 20. Rae1 Rc4 21. Ne2 Qc7 22. b3 Rxd4 23. Nxd4 Ba6 24. Qf3 Bxf1 25. Kxf1 Qc5 26. Rd1 Bf6 27. Qd3 Re7 28. Ne2 Re5 29. Nf4 Bh4 30. Qf3 d4 31. Nd3 Qb5 32. a4 Qa6 33. Kg2 Re3 34. Qd5 Kf8 35. Nf4 Qc8 36. Qxd4 Qc6 37. Qd5 Qxd5 38. Rxd5 Ke7 39. Rd3 Rxd3 40. Nxd3 Kd6 41. Kf3 Kd5 42. Nf4 Kd4 43. Nh5 Bf6 44. Nxf6 gxf6 45. g5 Ke5 46. g6 hxg6 47. fxg6 Ke6 48. Ke4 d5 49. Kd4 f5 50. g7 Kf7 51. Kxd5 Kxg7 52. Ke5 Kg6 53. Kf4 Kf6 54. b4 Kg6 55. b5 Kf6 56. h4 Kg6 57. h5 Kxh5 58. Kxf5  1-0

[Event "2011 Canadian Closed"]
[Site "Guelph Canada"]
[EventDate "2011.05.06"]
[Date "2011.05.10"]
[Round "9"]
[White "Mills, Morgon"]
[WhiteTitle "-"]
[WhiteElo "2056"]
[Black "Qin, Joey"]
[BlackTitle "-"]
[BlackElo "2353"]
[Result "1-0"]
[Source "MonRoi"]

1. e4 c5 2. Nf3 d6 3. d4 cxd4 4. Nxd4 Nf6 5. Nc3 a6 6. a4 e5 7. Nf3 h6 8. Bc4 Be7 9. O-O O-O 10. Qe2 Be6 11. Rd1 Qc7 12. Nd5 Bxd5 13. Bxd5 Nxd5 14. Rxd5 Nd7 15. b3 Qc3 16. Ra2 Nf6 17. Rd3 Qc6 18. Nd2 d5 19. Bb2 dxe4 20. Re3 Qxc2 21. Rc3 Rac8 22. Rxc2 Rxc2 23. Qd1 Rc6 24. Nc4 Rd8 25. Qe2 Nd5 26. Ra1 f5 27. Nxe5 Re6 28. Qh5 Rf8 29. Ng6 Rf7 30. Nxe7 Rexe7 31. g3 Kh7 32. Rd1 Nb4 33. Ba3 g6 34. Qe2 a5 35. Bxb4 axb4 36. Qc4  1-0

[Event "2011 Canadian Closed"]
[Site "Guelph Canada"]
[EventDate "2011.05.06"]
[Date "2011.05.10"]
[Round "9"]
[White "Dougherty, Michael"]
[WhiteTitle "FM"]
[WhiteElo "2312"]
[Black "Filipovich, David"]
[BlackTitle "-"]
[BlackElo "2174"]
[Result "1/2-1/2"]
[Source "MonRoi"]

1. d4 g6 2. c4 Bg7 3. e4 d6 4. Nc3 Nc6 5. d5 Nd4 6. Be3 c5 7. Nge2 Qb6 8. Nxd4 cxd4 9. Na4 Qa5 10. Bd2 Qc7 11. Rc1 Nf6 12. f3 O-O 13. Bd3 Nd7 14. f4 e5 15. g3 f5 16. c5 fxe4 17. Bxe4 exf4 18. O-O Nf6 19. cxd6 Qd8 20. Bg2 fxg3 21. hxg3 Nh5 22. Rxf8 Bxf8 23. g4 Nf6 24. Bg5 Qxd6 25. Qxd4 Bg7 26. Bf4 Qd7 27. d6 Qxg4 28. Be5 Bd7 29. Qxg4 Nxg4 30. Bd5 Kh8 31. Bxg7 Kxg7 32. Rc7 Kh6 33. Rxd7 Nf6 34. Bxb7 Rb8 35. Rc7 Rd8 36. Bf3 Rxd6 37. Rxa7 g5 38. Nc5 g4 39. Ne4 Rc6 40. Nxf6 gxf3 41. Rxh7 Kg6 42. Rh3 Rc1 43. Kf2 Rc2 44. Kxf3 Rxb2 45. Ne4 Rxa2 46. Kf4 Ra4 47. Rb3 Ra1 48. Rb6 Kf7 49. Kf5 Rf1 50. Ke5 Re1 51. Rf6 Ke7 52. Rh6 Kd7 53. Rh7 Kc6 54. Re7 Kb5 55. Rc7 Kb6 56. Rc2 Rh1 57. Nf6 Re1 58. Kd6 Rd1 59. Nd5 Kb5 60. Rc5 Ka4 61. Rc4 Kb3 62. Kc5 Rh1 63. Nf4 Rg1 64. Ne6 Rh1 65. Nd4 Ka3 66. Rc3 Kb2 67. Rc2 Kb1 68. Rd2 Rh8 69. Kb4 Rb8 70. Nb5 Kc1 71. Rg2 Rc8 72. Nd4 Kd1 73. Nb3 Ke1 74. Nc5 Kf1 75. Ra2 Ke1 76. Kc4 Rd8 77. Ne4 Kf1 78. Nc3 Ke1 79. Nd5 Kf1 80. Kd4 Ke1 81. Ke3 Rxd5 82. Ra1 Rd1 83. Rxd1 Kxd1  1/2-1/2

[Event "2011 Canadian Closed"]
[Site "Guelph Canada"]
[EventDate "2011.05.06"]
[Date "2011.05.10"]
[Round "9"]
[White "Djerkovic, Miladin"]
[WhiteTitle "-"]
[WhiteElo "2280"]
[Black "Humphreys, Michael"]
[BlackTitle "-"]
[BlackElo "2273"]
[Result "1-0"]
[Source "MonRoi"]

1. e4 c5 2. Nf3 g6 3. c4 Nc6 4. d4 cxd4 5. Nxd4 Bg7 6. Be3 Nf6 7. Nc3 O-O 8. Be2 d6 9. O-O Nxd4 10. Bxd4 Bd7 11. f3 a5 12. Qd2 Bc6 13. Be3 Nd7 14. Rab1 a4 15. Rfc1 Nc5 16. Bd1 Be5 17. b4 axb3 18. axb3 e6 19. b4 Na4 20. Bxa4 Bxa4 21. b5 Qa5 22. f4 Bg7 23. Ra1 Bxc3 24. Rxc3 Rfc8 25. Qd4 Qb4 26. Qf6 e5 27. Rac1 d5 28. fxe5 Qf8 29. exd5 Qg7 30. Qf4 Re8 31. Bd4 g5 32. Qf2 Qg6 33. Rf3 Rec8 34. e6 fxe6 35. Rf6 Qh5 36. Rf1 e5 37. Bxe5 Qe8 38. Qf5 Bc2 39. Qxg5 Bg6 40. Re6  1-0

[Event "2011 Canadian Closed"]
[Site "Guelph Canada"]
[EventDate "2011.05.06"]
[Date "2011.05.10"]
[Round "9"]
[White "Upper, John"]
[WhiteTitle "-"]
[WhiteElo "2169"]
[Black "Anastasovski, Nikola"]
[BlackTitle "-"]
[BlackElo "2190"]
[Result "1-0"]
[Source "MonRoi"]

1. Nf3 c5 2. c3 d5 3. d4 cxd4 4. cxd4 Nc6 5. Nc3 e6 6. Bf4 a6 7. e3 f5 8. Bd3 Nf6 9. Ne5 Bd7 10. O-O Be7 11. a3 O-O 12. Qe2 b5 13. b4 Ne4 14. Rfc1 Rc8 15. Nxc6 Bxc6 16. f3 Nd6 17. Bxd6 Bxd6 18. f4 Qh4 19. Qf2 Qh6 20. Ne2 g5 21. Rc2 Bd7 22. Rxc8 Rxc8 23. g3 g4 24. Rc1 Qf8 25. Rxc8 Qxc8 26. Qe1 Kf7 27. Qc1 Ke7 28. Qxc8 Bxc8 29. Nc1 Kd8 30. Nb3 Kc7 31. Kf2 Kb6 32. Bf1 h5 33. h3 Be7 34. hxg4 hxg4 35. Ke2 Bf6 36. Kd2 Be7 37. Kc3 Bf8 38. Be2 Be7 39. Bd1 Bd8 40. Nc5 Be7 41. a4 Bd8 42. Be2 Be7 43. Bd3 Bd8 44. Bc2 Bh4 45. a5 Kc6 46. gxh4 g3 47. Nd3 g2 48. Ne5 Kd6 49. Nf3 Bd7 50. Kd2 Be8 51. Ng1 Ke7 52. Bd1 Kf6 53. Ke1 Kg7 54. Kf2 Kh6 55. Kxg2 Bd7 56. Nf3 Be8 57. Ne5 Kh7 58. Kg3 Kg7 59. h5 Kh7 60. Kh4 Kh6 61. Be2 Kg7 62. Kg5 Kh7 63. h6 Kg8 64. Bh5 Bxh5 65. Kxh5 Kh7 66. Nf7 e5 67. Ng5 Kh8 68. Kg6 exd4 69. h7  1-0

[Event "2011 Canadian Closed"]
[Site "Guelph Canada"]
[EventDate "2011.05.06"]
[Date "2011.05.10"]
[Round "9"]
[White "Nicholson, Matthew"]
[WhiteTitle "-"]
[WhiteElo "2020"]
[Black "Drkulec, Vladimir"]
[BlackTitle "-"]
[BlackElo "2202"]
[Result "0-1"]
[Source "MonRoi"]

1. Nf3 g6 2. e4 Bg7 3. d4 c5 4. Nc3 cxd4 5. Nxd4 Nc6 6. Be3 a6 7. Qd2 Nf6 8. f3 O-O 9. Bc4 b5 10. Bb3 Na5 11. O-O-O Bb7 12. g4 Rc8 13. h4 h5 14. g5 Nh7 15. f4 Nc4 16. Bxc4 Rxc4 17. f5 Be5 18. fxg6 fxg6 19. Kb1 Qa8 20. Nb3 Bxe4 21. Nxe4 Qxe4 22. Nc5 Rxc5 23. Bxc5 d6 24. Bd4 Bg3 25. Qd3 Qxd3 26. Rxd3 Bxh4 27. Be3 Bg3 28. Rhd1 Rf5 29. Rd5 Rf3 30. Bc1 h4 31. a4 e6 32. Rxd6 Bxd6 33. Rxd6 Nf8 34. axb5 axb5 35. Rd4 h3 36. Bf4 Rf1 37. Ka2 Rf2 38. Kb3 h2 39. Bxh2 Rxh2 40. Rb4 Rf2 41. Rxb5 Rf5 42. Kb4 e5 43. c4 e4 44. Rb7 Re5 45. Ra7 e3 46. Ra1 Ne6  0-1

[Event "2011 Canadian Closed"]
[Site "Guelph Canada"]
[EventDate "2011.05.06"]
[Date "2011.05.10"]
[Round "9"]
[White "Itkin, David"]
[WhiteTitle "-"]
[WhiteElo "2160"]
[Black "Haessel, Dale"]
[BlackTitle "FM"]
[BlackElo "2233"]
[Result "0-1"]
[Source "MonRoi"]

1. e4 e5 2. Nf3 Nf6 3. d4 exd4 4. e5 Ne4 5. Qxd4 d5 6. exd6 Nxd6 7. Nc3 Nc6 8. Qe3 Be7 9. Bd2 O-O 10. O-O-O Be6 11. Bd3 Nb4 12. Nd4 Nxd3 13. Qxd3 Bc4 14. Qg3 Bh4 15. Qf4 b5 16. b3 b4 17. Ne4 Nxe4 18. Qxe4 Re8 19. Qg4 h5 20. Qf4 g5 21. Nc6 gxf4 22. Nxd8 Bd5 23. Bxf4 Raxd8 24. Bxc7 Rd7 25. Ba5 Rb8 26. g3 Bf6  0-1